| 000 | 00709nam a2200229 a 4500 | ||
|---|---|---|---|
| 005 | 20140310183316.0 | ||
| 008 | 051116s19uu xx 00 eng d | ||
| 020 | _a981-265-219-1 | ||
| 050 |
_aRA 418.5.T73 _b.L83 2005 |
||
| 100 | _aLuckmann, Joan | ||
| 245 |
_aTranscultural communication in health care / _cJoan Luckmann and Sylvia Tindell Nobles. |
||
| 260 |
_aSingapore : _bDelmar Thomson Learning, _cc2005. |
||
| 300 |
_a320 p. : _c20 cm. |
||
| 521 | _aNUR | ||
| 650 | _aTranscultural medical care. | ||
| 650 | _aHealth Personnel. | ||
| 650 | _aCommunication. | ||
| 650 | _aCross-cultural comparison. | ||
| 650 |
_aProfessional _xPatientr relations. |
||
| 942 |
_cBK _2lcc _kFOR |
||
| 999 |
_c21277 _d21277 |
||